<?xml version="1.0" encoding="UTF-8"?>
<record
    xmlns:xsi="http://www.w3.org/2001/XMLSchema-instance"
    xsi:schemaLocation="http://www.loc.gov/MARC21/slim http://www.loc.gov/standards/marcxml/schema/MARC21slim.xsd"
    xmlns="http://www.loc.gov/MARC21/slim">

  <leader>01191nam a22002897a 4500</leader>
  <controlfield tag="001"> 133251 </controlfield>
  <controlfield tag="003">UA-OsUOA</controlfield>
  <controlfield tag="005">20260629152341.0</controlfield>
  <controlfield tag="007">ta</controlfield>
  <controlfield tag="008">20181011b un ||||| |||| 00| 0 ukr d</controlfield>
  <datafield tag="020" ind1=" " ind2=" ">
    <subfield code="a">966849900&#x425;</subfield>
  </datafield>
  <datafield tag="040" ind1=" " ind2=" ">
    <subfield code="a">UA-OsUOA</subfield>
    <subfield code="b">ukr</subfield>
    <subfield code="c">UA-OsUOA</subfield>
    <subfield code="d">UA-OsUOA</subfield>
  </datafield>
  <datafield tag="041" ind1=" " ind2=" ">
    <subfield code="a">ukr</subfield>
  </datafield>
  <datafield tag="080" ind1=" " ind2=" ">
    <subfield code="a">141</subfield>
  </datafield>
  <datafield tag="090" ind1=" " ind2=" ">
    <subfield code="a">141</subfield>
    <subfield code="b">&#x427;-59</subfield>
  </datafield>
  <datafield tag="100" ind1=" " ind2=" ">
    <subfield code="a">&#x427;&#x438;&#x436;&#x435;&#x432;&#x441;&#x44C;&#x43A;&#x438;&#x439; &#x414;.</subfield>
    <subfield code="9">22973</subfield>
  </datafield>
  <datafield tag="110" ind1=" " ind2=" ">
    <subfield code="a">&#x406;&#x43D;&#x441;&#x442;&#x438;&#x442;&#x443;&#x442; &#x444;&#x456;&#x43B;&#x43E;&#x441;&#x43E;&#x444;&#x456;&#x457; &#x456;&#x43C;. &#x413;. &#x421;&#x43A;&#x43E;&#x432;&#x43E;&#x440;&#x43E;&#x434;&#x438; &#x41D;&#x430;&#x446;&#x456;&#x43E;&#x43D;&#x430;&#x43B;&#x44C;&#x43D;&#x43E;&#x457; &#x430;&#x43A;&#x430;&#x434;&#x435;&#x43C;&#x456;&#x457; &#x423;&#x43A;&#x440;&#x430;&#x457;&#x43D;&#x438;</subfield>
    <subfield code="9">25551</subfield>
  </datafield>
  <datafield tag="245" ind1=" " ind2=" ">
    <subfield code="a">&#x424;&#x456;&#x43B;&#x43E;&#x441;&#x43E;&#x444;&#x441;&#x44C;&#x43A;&#x456; &#x442;&#x432;&#x43E;&#x440;&#x438; &#x443; &#x447;&#x43E;&#x442;&#x438;&#x440;&#x44C;&#x43E;&#x445; &#x442;&#x43E;&#x43C;&#x430;&#x445;</subfield>
    <subfield code="c">&#x43F;&#x456;&#x434; &#x437;&#x430;&#x433;. &#x440;&#x435;&#x434;. &#x412;&#x430;&#x441;&#x438;&#x43B;&#x44F; &#x41B;&#x456;&#x441;&#x43E;&#x432;&#x43E;&#x433;&#x43E;</subfield>
  </datafield>
  <datafield tag="260" ind1=" " ind2=" ">
    <subfield code="a">&#x41A;.</subfield>
    <subfield code="b">&#x421;&#x43C;&#x43E;&#x43B;&#x43E;&#x441;&#x43A;&#x438;&#x43F;</subfield>
    <subfield code="c">2005</subfield>
  </datafield>
  <datafield tag="300" ind1=" " ind2=" ">
    <subfield code="a">402 &#x441;.</subfield>
  </datafield>
  <datafield tag="505" ind1=" " ind2=" ">
    <subfield code="g">&#x422;. 1</subfield>
    <subfield code="t">&#x41D;&#x430;&#x440;&#x438;&#x441;&#x438; &#x437; &#x456;&#x441;&#x442;&#x43E;&#x440;&#x456;&#x457; &#x444;&#x456;&#x43B;&#x43E;&#x441;&#x43E;&#x444;&#x456;&#x457; &#x43D;&#x430; &#x423;&#x43A;&#x440;&#x430;&#x457;&#x43D;&#x456;. &#x424;&#x456;&#x43B;&#x43E;&#x441;&#x43E;&#x444;&#x456;&#x44F; &#x413;&#x440;&#x438;&#x433;&#x43E;&#x440;&#x456;&#x44F; &#x421;. &#x421;&#x43A;&#x43E;&#x432;&#x43E;&#x440;&#x43E;&#x434;&#x438;</subfield>
  </datafield>
  <datafield tag="650" ind1=" " ind2="7">
    <subfield code="a">141 &#x420;&#x456;&#x437;&#x43D;&#x43E;&#x432;&#x438;&#x434;&#x438; &#x441;&#x438;&#x441;&#x442;&#x435;&#x43C;, &#x43A;&#x43E;&#x43D;&#x446;&#x435;&#x43F;&#x446;&#x456;&#x439;, &#x43F;&#x43E;&#x433;&#x43B;&#x44F;&#x434;&#x456;&#x432;, &#x432;&#x447;&#x435;&#x43D;&#x44C;, &#x43D;&#x430;&#x43F;&#x440;&#x44F;&#x43C;&#x456;&#x432;</subfield>
    <subfield code="2">UDC</subfield>
    <subfield code="9">1599</subfield>
  </datafield>
  <datafield tag="700" ind1="1" ind2=" ">
    <subfield code="a">&#x41B;&#x456;&#x441;&#x43E;&#x432;&#x438;&#x439; &#x412;. &#x421;.</subfield>
    <subfield code="e">&#x440;&#x435;&#x434;.</subfield>
    <subfield code="9">25552</subfield>
  </datafield>
  <datafield tag="942" ind1=" " ind2=" ">
    <subfield code="c">BK</subfield>
    <subfield code="2">udc</subfield>
  </datafield>
  <datafield tag="955" ind1=" " ind2=" ">
    <subfield code="a">1</subfield>
  </datafield>
  <datafield tag="999" ind1=" " ind2=" ">
    <subfield code="c">421907</subfield>
    <subfield code="d">421907</subfield>
  </datafield>
  <datafield tag="952" ind1=" " ind2=" ">
    <subfield code="0">0</subfield>
    <subfield code="1">0</subfield>
    <subfield code="2">udc</subfield>
    <subfield code="4">0</subfield>
    <subfield code="7">0</subfield>
    <subfield code="8">C_ZAKYDALSKYI</subfield>
    <subfield code="a">102</subfield>
    <subfield code="b">102</subfield>
    <subfield code="d">2018-10-11</subfield>
    <subfield code="e">44/2018</subfield>
    <subfield code="g">35.00</subfield>
    <subfield code="h">&#x422;. 1</subfield>
    <subfield code="i">159956</subfield>
    <subfield code="l">1</subfield>
    <subfield code="o">141 &#x427;-59</subfield>
    <subfield code="p">159956</subfield>
    <subfield code="r">2022-02-06 00:00:00</subfield>
    <subfield code="s">2020-11-02</subfield>
    <subfield code="w">2018-10-11</subfield>
    <subfield code="y">BK</subfield>
  </datafield>
  <datafield tag="952" ind1=" " ind2=" ">
    <subfield code="0">0</subfield>
    <subfield code="1">0</subfield>
    <subfield code="2">udc</subfield>
    <subfield code="4">0</subfield>
    <subfield code="7">0</subfield>
    <subfield code="a">300</subfield>
    <subfield code="b">300</subfield>
    <subfield code="d">2014-09-02</subfield>
    <subfield code="e">311/2014</subfield>
    <subfield code="g">1.00</subfield>
    <subfield code="i">2136993</subfield>
    <subfield code="l">0</subfield>
    <subfield code="o">1 &#x427;-59</subfield>
    <subfield code="p">2136993</subfield>
    <subfield code="r">2019-09-14 00:00:00</subfield>
    <subfield code="w">2014-09-02</subfield>
    <subfield code="y">BK</subfield>
  </datafield>
  <datafield tag="952" ind1=" " ind2=" ">
    <subfield code="0">0</subfield>
    <subfield code="1">0</subfield>
    <subfield code="2">udc</subfield>
    <subfield code="4">0</subfield>
    <subfield code="7">0</subfield>
    <subfield code="a">300</subfield>
    <subfield code="b">300</subfield>
    <subfield code="d">2006-10-02</subfield>
    <subfield code="e">16/2006</subfield>
    <subfield code="g">1.00</subfield>
    <subfield code="i">2125706</subfield>
    <subfield code="l">0</subfield>
    <subfield code="o">14(477) &#x427;-59</subfield>
    <subfield code="p">2125706</subfield>
    <subfield code="r">2019-09-15 00:00:00</subfield>
    <subfield code="w">2006-10-02</subfield>
    <subfield code="y">BK</subfield>
  </datafield>
  <datafield tag="952" ind1=" " ind2=" ">
    <subfield code="0">0</subfield>
    <subfield code="1">0</subfield>
    <subfield code="2">udc</subfield>
    <subfield code="4">0</subfield>
    <subfield code="7">0</subfield>
    <subfield code="8">C_Shevchuk_V.</subfield>
    <subfield code="a">101</subfield>
    <subfield code="b">101</subfield>
    <subfield code="d">2026-06-17</subfield>
    <subfield code="e">&#x2116;29/08.06.2026</subfield>
    <subfield code="g">35.00</subfield>
    <subfield code="l">0</subfield>
    <subfield code="o">141 &#x427;-59</subfield>
    <subfield code="p">170114</subfield>
    <subfield code="r">2026-06-17 11:20:11</subfield>
    <subfield code="v">35.00</subfield>
    <subfield code="w">2026-06-17</subfield>
    <subfield code="y">BK</subfield>
  </datafield>
</record>
